Solutions to the problems in Chemical engineering /
Guardado en:
| Autor Principal: | |
|---|---|
| Otros Autores: | , |
| Formato: | Libro |
| Idioma: | English |
| Publicado: |
Oxford :
Butterworth-Heinemann,
2001.
|
| Series: | Coulson & Richardson's Chemical engineering
|
| Materias: | |
| Etiquetas: |
Agregar Etiqueta
Sin Etiquetas, Sea el primero en etiquetar este registro!
|
| LEADER | 00947nam a22002295a 4500 | ||
|---|---|---|---|
| 001 | EIQ.libpla001608 | ||
| 008 | 061116s2001####enk###########000#0#eng#d | ||
| 005 | 20080926170207.0 | ||
| 245 | 1 | 0 | |a Solutions to the problems in Chemical engineering / |c J. R. Backhurst and J. H. Harker ; with J. F Richardson. |
| 260 | |a Oxford : |b Butterworth-Heinemann, |c 2001. | ||
| 300 | |a v. : |b grafics. ; |c 25 cm. | ||
| 440 | 0 | |a Coulson & Richardson's Chemical engineering | |
| 020 | |a 075064950x | ||
| 100 | 1 | |a Backhurst, J. |q (John Rayner), |d 1942- | |
| 700 | 1 | |a Harker, J. H. |q (John Hadlett), |d 1937- | |
| 700 | 1 | |a Richardson, J. F. |q (John Francis) | |
| 246 | 1 | |a Chemical engineering | |
| 246 | 1 | |a Coulson & Richardson's chemical engineering | |
| 650 | 4 | |a Ingeniería química |x Problemas, ejercicios, etc. | |
| 650 | 4 | |a Chemical engineering |x Problems, exercises, etc. | |
| 040 | |a AR-BbSID |b spa |c AR-BbSID | ||
| 859 | |a AR-BbSID |b BIB. PLAPIQUI |h 660.2 |i C 832 |p 5394 |v Vol. 1 |3 Vol. 1 | ||
